LEADER 00999nam0 22002531i 450 001 UON00062576 005 20231205102314.424 100 $a20020107d1966 |0itac50 ba 101 $ager 102 $aDE 105 $a|||| 1|||| 200 1 $aˆDie ‰Masken der Gigaku der Altesten Theaterform Japans$fP. von Kleinschmidt 210 $aWiesbaden$c[s.n.]$d1966 215 $aIX, 458 p.$d23 cm 606 $aTEATRO GIAPPONESE$3UONC018086$2FI 620 $aDE$dWiesbaden$3UONL003153 686 $aGIA IX H$cGIAPPONE - ARTI - MUSICA, TEATRO, CINEMA, DANZA$2A 700 1$aKLEINSCHMIDT$bP. : von$3UONV039942$0655886 801 $aIT$bSOL$c20240220$gRICA 899 $aSIBA - SISTEMA BIBLIOTECARIO DI ATENEO$2UONSI 912 $aUON00062576 950 $aSIBA - SISTEMA BIBLIOTECARIO DI ATENEO$dSI GIA IX H 068 $eSI YAM1217 7 068 996 $aMasken der Gigaku der Altesten Theaterform Japans$91172664 997 $aUNIOR